La sentencia : (Registro nro. 8236)

Detalles MARC
000 -LIDER
fixed length control field 00816nam a2200265 a 4500
001 - NÚMERO DE CONTROL
Identificador de número de control 000045968
003 - IDENTIFICACDOR DE NÚMERO DE CONTROL
control field DO-SdBNP
005 - DATE AND TIME OF LATEST TRANSACTION
control field 20210602101213.0
007 - CAMPOS FIJOS DE DESCRIPCIÓN FÍSICA
fixed length control field ta
008 - ELEMENTOS DE LONGITUD FIJA
fixed length control field 150603s2015 dr 000 f spa d
020 ## - ISBN
International Standard Book Number 9789945166767
040 ## - FUENTE DE CATALOGACIÓN
Agencia que crea de manera original el registro BPMSU
Idioma de catalogación spa
Agencia que realiza la transcripción BPMSU
082 ## - NÚMERO DE CLASIFICACIÓN DECIMAL DE DEWEY
Classification number RD863.5
Item number G934s
Edition number 22
100 1# - ASIENTO PRINCIPAL -- NOMBRE PERSONAL
Nombre personal Guerrero, Laureano
Fechas asociadas con el nombre 1952-
245 13 - MENCIÓN DE TITULO
Título La sentencia :
Subtítulo novela /
Mención de responsabilidad Laureano Guerrero Sánchez ; prólogo Juan Hernández Inirio.
260 ## - PUBLICACIÓN, DISTRIBUCIÓN, ETC. (PIE DE IMPRENTA)
Lugar de publicación, distribución, etc Santo Domingo :
Nombre del editor, distribuidor, etc. Santuario,
Fecha de publicación, distribución, etc 2015.
300 ## - DESCRIPCIÓN FÍSICA
Extensión 168 p. ;
Dimensiones 23 cm.
500 ## - NOTA GENERAL
Nota general Incluye datos biográficos del autor en la solapa de la cubierta.
590 ## - NOTA LOCAL
Enlace Inventariado, 2021/VM
650 #4 - ENCABEZAMIENTO DE MATERIA--TEMÁTICO
Término temático o nombre geográfico como elemento de entrada Novelas dominicanas
650 #4 - ENCABEZAMIENTO DE MATERIA--TEMÁTICO
Término temático o nombre geográfico como elemento de entrada Literatura dominicana.
700 12 - ASIENTO SECUNDARIO -- NOMBRE PERSONAL
Nombre personal Hernández Inirio, Juan,
Mención de responsabilidad pról.
910 ## - VALIDACIÓN
Validación VMateo
942 ## - ADDED ENTRY ELEMENTS (KOHA)
Source of classification or shelving scheme Dewey Decimal Classification
Koha item type Libros
Existencias
Withdrawn status Lost status Source of classification or shelving scheme Damaged status Not for loan Collection code Home library Current library Date acquired Source of acquisition Total Checkouts Full call number Barcode Date last seen Price effective from Koha item type
    Dewey Decimal Classification     Colección Dominicana Biblioteca Pública Metropolitana Salomé Ureña Biblioteca Pública Metropolitana Salomé Ureña 08/26/2015 Editora Búho   BPMSU CD RD863.5 G934s 2015 BPMSU15080492 08/26/2015 08/26/2015 Libros